ARRUPE JESUIT UNIVERSITY

CORONAVIRUS -STOP THE SPREAD - CLEAN,DISINFECT,COVER

Christ's church in Lilongwe Today and Tomorrow (Record no. 120145)

MARC details
000 -LEADER
fixed length control field 00446nam a22001337a 4500
008 - FIXED-LENGTH DATA ELEMENTS--GENERAL INFORMATION
fixed length control field 140221b xxu||||| |||| 00| 0 eng d
050 ## - LIBRARY OF CONGRESS CALL NUMBER
Classification number BX1682.M31K15
100 ## - MAIN ENTRY--PERSONAL NAME
Personal name Bishop Kalolombe P. A.
9 (RLIN) 8880
245 ## - TITLE STATEMENT
Title Christ's church in Lilongwe Today and Tomorrow
Statement of responsibility, etc Bishop P. A. Kalilombe
260 ## - PUBLICATION, DISTRIBUTION, ETC. (IMPRINT)
Place of publication, distribution, etc Lilongwe
Name of publisher, distributor, etc Likuni Press
Date of publication, distribution, etc 1973
300 ## - PHYSICAL DESCRIPTION
Extent 39p. ;
Dimensions 18cm.
650 ## - SUBJECT ADDED ENTRY--TOPICAL TERM
Topical term or geographic name as entry element Catholic Church in Malawi
General subdivision Pastoral theology
9 (RLIN) 8881
942 ## - ADDED ENTRY ELEMENTS (KOHA)
Source of classification or shelving scheme Library of Congress Classification
Item type Monograph ( Printed materials)
Holdings
Withdrawn status Lost status Source of classification or shelving scheme Damaged status Not for loan Collection code Home library Current library Shelving location Date acquired Total Checkouts Full call number Barcode Date last seen Price effective from Koha item type
    Library of Congress Classification     Main Collection ARRUPE LIBRARY ARRUPE LIBRARY Main Collection 21/02/2014   BX1682.M31K15 46500002148 22/11/2017 21/02/2014 Monograph ( Printed materials)

 

Arrupe Library. PO Box MP320 Mt Pleasant, Harare, Zimbabwe
263 242 745411|librarian@aju.ac.zw